00655cam a2200205u 450000100060000000300080000600500170001400800390003103500190007004000330008904100080012208200150013010000550014524500330020026000500023330000350028365000600031870000510037870000200042919672BD-RjUL20211209000449.0140225s1948 nyuabc 000 0 eng a(BD-RjUL)19732 aDLCcCarPdDLCdBD-RjULbeng aeng a823.8bBLL1 aBlackmore, R. D.q(Richard Doddridge),d1825-1900.10aLorna Doone /cR.D.Blackmore aNew York :bCollege Entrance Book Co.,c1948. axiii, 319 p. :bill. ;c20 cm. 0aMonmouth's Rebellion, 1685xFiction. [from old catalog]1 aHolmes, Mabel Dodge,d1883- [from old catalog]1 aRandolph, Helen